| 000 | 00547nam a2200205 a 4500 | ||
|---|---|---|---|
| 001 | 83316 | ||
| 003 | BD-RjUL | ||
| 005 | 20240312112619.0 | ||
| 008 | 240312s19601940enk 000 0 eng d | ||
| 035 | _a(BD-RjUL)83316 | ||
| 040 |
_aBAR _beng _cBD-RjUL |
||
| 041 | _aeng | ||
| 082 |
_223 _a823.9 _bMOV 1960 |
||
| 100 | 1 |
_aMorgan, Charles, _d1894-1958. _912234 |
|
| 245 | 1 | 4 |
_aThe voyage / _cCharles Morgan |
| 260 |
_aLondon : _bMacmillan, _c1940, [reprinted 1960] |
||
| 300 |
_avi, 546 p. ; _c19 cm. |
||
| 650 | _aEnglish Fiction | ||
| 942 |
_2ddc _cBK |
||
| 999 |
_c83316 _d83316 |
||